00414nam a2200169Ia 4500003000400000005001700004008004100021020001800062040000700080041000800087082002000095100002500115245004100140260003800181300001200219365001300231OSt20230415095438.0210423s2010 xx 000 0 und d a9788131511190 cAL aeng a658.11 FERO223 aFERELL (O C);others. aBusiness ethics: a case perspective. aAustraliabCengage Learningc2010 a363bPB b325cINR